[Event "30th Rilton Cup"]
[Site "Stockholm SWE"]
[Date "2000.12.31"]
[Round "5.10"]
[White "Hector, Jonny"]
[Black "Eriksson, Anders"]
[Result "1-0"]
[WhiteElo "2499"]
[BlackElo "2354"]
[EventDate "2000.12.27"]
[PlyCount "109"]

1.e4 c6 2.d4 d5 3.Nd2 dxe4 4.Nxe4 Bf5 5.Ng3 Bg6 6.h4 h6 7.Nf3 Nf6 8.Ne5 
Bh7 9.Bd3 Bxd3 10.Qxd3 Nbd7 11.f4 e6 12.Bd2 c5 13.O-O-O cxd4 14.Ng6 Rg8 
15.Nxf8 Nxf8 16.Bb4 Qd5 17.Qxd4 Qxd4 18.Rxd4 Rd8 19.Rhd1 Rxd4 20.Rxd4 g5 
21.hxg5 hxg5 22.f5 Rh8 23.Bd2 Rh4 24.Rxh4 gxh4 25.Ne2 Ne4 26.Be1 exf5 27.
Nd4 f4 28.Bxh4 Ng6 29.Be1 Ke7 30.Kd1 Kf6 31.Ke2 Ke5 32.Nb3 Nd6 33.Bf2 b6 
34.Nd2 Ne4 35.Nf3+ Kd5 36.Be1 Ne5 37.Bh4 Nc4 38.b3 Ne5 39.c4+ Kd6 40.Be1 
f6 41.Bb4+ Kd7 42.Bd2 Ke6 43.Nd4+ Kd7 44.Bxf4 Nc3+ 45.Ke3 Nxa2 46.Ke4 Ng6 
47.Bd2 Ne7 48.b4 Ng6 49.c5 Ne7 50.Nf5 bxc5 51.Nxe7 Kxe7 52.bxc5 a5 53.Kd5 
Kd7 54.c6+ Kc8 55.Kc5 1-0

[Event "30th Rilton Cup"]
[Site "Stockholm SWE"]
[Date "2000.12.31"]
[Round "5.11"]
[White "Holzke, Frank"]
[Black "Svensson, Bengt"]
[Result "0-1"]
[WhiteElo "2470"]
[BlackElo "2393"]
[EventDate "2000.12.27"]
[PlyCount "82"]

1.e4 c6 2.d4 d5 3.exd5 cxd5 4.c4 Nf6 5.Nc3 e6 6.Nf3 Be7 7.cxd5 Nxd5 8.Bd3 
Nc6 9.O-O O-O 10.Re1 Nf6 11.a3 b6 12.Bc2 Ba6 13.Bg5 Rc8 14.Rc1 Na5 15.Ne5 
Nc4 16.Qd3 Nxe5 17.Qxa6 Nc4 18.Nb5 Nxb2 19.Nxa7 Ra8 20.Bxf6 Bxf6 21.Be4 
Qxd4 22.Bxa8 Nd3 23.Red1 Qxf2+ 24.Kh1 Nxc1 25.Rxc1 Qd2 26.Rb1 Rxa8 27.Qxb6
h6 28.Nb5 Rc8 29.Rg1 Rc1 30.a4 Rxg1+ 31.Qxg1 e5 32.Na3 e4 33.Qb1 e3 34.Nc4
Qd4 35.Qc1 e2 36.Ne3 Qc3 37.Qxc3 Bxc3 38.Nc2 e1=Q+ 39.Nxe1 Bxe1 40.g4 Ba5 
41.Kg2 Kf8 0-1

[Event "30th Rilton Cup"]
[Site "Stockholm SWE"]
[Date "2000.12.31"]
[Round "5.12"]
[White "Engqvist, Thomas"]
[Black "Salmensuu, Olli"]
[Result "1/2-1/2"]
[WhiteElo "2366"]
[BlackElo "2467"]
[EventDate "2000.12.27"]
[PlyCount "55"]

1.Nf3 c5 2.c4 g6 3.d4 Bg7 4.e4 d6 5.Nc3 cxd4 6.Nxd4 Nf6 7.Be2 O-O 8.O-O a6
9.Be3 b6 10.f3 Bb7 11.Qd2 Nbd7 12.Rac1 Re8 13.Rfd1 e6 14.Nc2 Bf8 15.Bf1 
Rc8 16.Qf2 Qc7 17.Kh1 Be7 18.Na1 Bd8 19.b4 Qb8 20.Nb3 Bc7 21.Qh4 d5 22.Nd2
Be5 23.exd5 exd5 24.Bd4 Qd6 25.Bxe5 Rxe5 26.Nde4 Nxe4 27.Nxe4 Qxb4 28.cxd5
1/2-1/2

[Event "30th Rilton Cup"]
[Site "Stockholm SWE"]
[Date "2000.12.31"]
[Round "5.13"]
[White "Aakesson, Ralf"]
[Black "Couso, Luis"]
[Result "1-0"]
[WhiteElo "2465"]
[BlackElo "2348"]
[EventDate "2000.12.27"]
[PlyCount "82"]

1.d4 Nf6 2.c4 e6 3.Nc3 Bb4 4.Qc2 c5 5.dxc5 O-O 6.a3 Bxc5 7.Nf3 b6 8.Bg5 
Bb7 9.Rd1 Be7 10.e4 a6 11.Be2 Nh5 12.Be3 Qc7 13.e5 f5 14.exf6 Bxf6 15.Ne4 
Nf4 16.Bxf4 Qxf4 17.Nxf6+ Rxf6 18.O-O Rg6 19.Qc3 Qg4 20.g3 Qh3 21.Rfe1 Rh6
22.Qe3 Bxf3 23.Bxf3 Nc6 24.Rxd7 e5 25.Rc7 Rc8 26.Bd5+ Kf8 27.Rf7+ Ke8 28.
Rxg7 Qxh2+ 29.Kf1 Qh3+ 30.Bg2 Qe6 31.Qg5 Kf8 32.Rg8+ Qxg8 33.Qxh6+ Qg7 34.
Qh5 Ne7 35.b3 b5 36.cxb5 axb5 37.Qxe5 Qf7 38.Qxb5 Rc2 39.Qb8+ Kg7 40.Qe5+ 
Kg8 41.Qe3 Nf5 1-0

[Event "30th Rilton Cup"]
[Site "Stockholm SWE"]
[Date "2000.12.31"]
[Round "5.15"]
[White "Aaberg, Anton"]
[Black "Ramesh, Ramachandran"]
[Result "0-1"]
[WhiteElo "2300"]
[BlackElo "2466"]
[EventDate "2000.12.27"]
[PlyCount "94"]

1.d4 Nf6 2.c4 c6 3.Nf3 d5 4.Qc2 g6 5.Bf4 Bg7 6.e3 O-O 7.Be2 c5 8.Nc3 cxd4 
9.Nxd4 Nc6 10.Nxc6 bxc6 11.O-O Bf5 12.Bd3 Bxd3 13.Qxd3 Qa5 14.Bg3 Qa6 15.
Rfd1 dxc4 16.Qe2 Rfd8 17.e4 Rd3 18.e5 Nd5 19.Ne4 Rxd1+ 20.Qxd1 Qb5 21.Rb1 
Rd8 22.b3 Qa5 23.Qc2 cxb3 24.axb3 Nb4 25.Qc4 Qb5 26.f4 a5 27.Rc1 Qxc4 28.
Rxc4 Rd1+ 29.Kf2 Rb1 30.Nc5 f6 31.e6 f5 32.Bh4 Rb2+ 33.Kf3 Kf8 34.Be1 Nc2 
35.Bxa5 Nd4+ 36.Kg3 Ne2+ 37.Kf3 Bd4 38.Be1 Ng1+ 39.Kg3 h5 40.Nd7+ Kg8 41.
Rxc6 h4+ 42.Kxh4 Rxg2 43.Bg3 Bf2 44.Kg5 Kg7 45.Rc3 Bxg3 46.hxg3 Nh3+ 47.
Kh4 Nf2 0-1

[Event "30th Rilton Cup"]
[Site "Stockholm SWE"]
[Date "2000.12.31"]
[Round "5.16"]
[White "Gdanski, Jacek"]
[Black "Hedman, Erik"]
[Result "1/2-1/2"]
[WhiteElo "2557"]
[BlackElo "2323"]
[EventDate "2000.12.27"]
[PlyCount "52"]

1.e4 e6 2.d4 d5 3.Nc3 Nf6 4.Bg5 dxe4 5.Nxe4 Be7 6.Bxf6 Bxf6 7.Nf3 O-O 8.c3
Nd7 9.Qc2 e5 10.d5 Be7 11.O-O-O Bd6 12.Bd3 g6 13.h4 f5 14.Nxd6 cxd6 15.Ng5
Nf6 16.Bc4 Qe7 17.Qb3 Rb8 18.Qa3 b5 19.Bb3 Qc7 20.Kb1 Qb6 21.h5 a5 22.Bc2 
b4 23.cxb4 Qxb4 24.Qxb4 Rxb4 25.hxg6 hxg6 26.f3 Bd7 1/2-1/2

[Event "30th Rilton Cup"]
[Site "Stockholm SWE"]
[Date "2000.12.31"]
[Round "5.21"]
[White "Radziewicz, Iweta"]
[Black "Bjarnehag, Peter"]
[Result "1/2-1/2"]
[WhiteElo "2379"]
[BlackElo "2211"]
[EventDate "2000.12.27"]
[PlyCount "109"]

1.d4 Nf6 2.c4 a6 3.Nc3 c5 4.d5 b5 5.cxb5 axb5 6.Nxb5 Ba6 7.Nc3 g6 8.e4 
Bxf1 9.Kxf1 d6 10.g3 Bg7 11.Kg2 Na6 12.Nf3 Nd7 13.h4 h5 14.Bg5 Qb6 15.Qe2 
Nc7 16.Rac1 Qa6 17.Qd2 Qa5 18.Rhe1 Ne5 19.Nxe5 Bxe5 20.Rc2 Kf8 21.Bf4 Bxc3
22.bxc3 f6 23.e5 dxe5 24.Be3 c4 25.d6 Qd5+ 26.Qxd5 Nxd5 27.Rd1 Nxe3+ 28.
fxe3 exd6 29.Rxd6 Ke7 30.Rb6 Rhb8 31.Rb4 Rxb4 32.cxb4 Ra4 33.Rxc4 Rxa2+ 
34.Kf3 Rb2 35.Ke4 Kd6 36.Kd3 g5 37.g4 hxg4 38.hxg5 fxg5 39.Rxg4 Kd5 40.Kc3
Re2 41.Kd3 Rb2 42.e4+ Ke6 43.Kc4 Rc2+ 44.Kb5 Kf6 45.Rg1 Re2 46.Kc5 Rxe4 
47.b5 Rh4 48.b6 Rh8 49.Kd6 Kf5 50.b7 e4 51.Rb1 Rb8 52.Kc7 Rxb7+ 53.Rxb7 e3
54.Kd6 Ke4 55.Rg7 1/2-1/2

[Event "30th Rilton Cup"]
[Site "Stockholm SWE"]
[Date "2000.12.31"]
[Round "5.25"]
[White "Nybaeck, Tomi"]
[Black "Taimanov, Mark"]
[Result "1-0"]
[WhiteElo "2195"]
[BlackElo "2431"]
[EventDate "2000.12.27"]
[PlyCount "79"]

1.Nf3 Nf6 2.c4 e6 3.g3 d5 4.b3 c5 5.Bg2 dxc4 6.bxc4 Nc6 7.Bb2 Be7 8.O-O 
O-O 9.d3 Qc7 10.Nc3 Rd8 11.Rb1 Bd7 12.Ba1 Rac8 13.e3 Be8 14.Qe2 b6 15.Rfd1
h6 16.Nd2 Nb4 17.a3 Nc6 18.f4 a6 19.g4 Na7 20.h4 b5 21.g5 hxg5 22.hxg5 Nh7
23.Nce4 Nc6 24.Kf2 e5 25.Rh1 f5 26.gxf6 Nxf6 27.Bh3 Bd7 28.Nxf6+ Bxf6 29.
Ne4 Bh4+ 30.Kf3 exf4 31.Bxd7 Qxd7 32.Rxh4 Qxd3 33.Rbh1 Nd4+ 34.Bxd4 Qxe2+ 
35.Kxe2 cxd4 36.Ng5 d3+ 37.Kd1 Kf8 38.Ne6+ Ke7 39.Nxd8 bxc4 40.Rxf4 1-0

[Event "30th Rilton Cup"]
[Site "Stockholm SWE"]
[Date "2000.12.31"]
[Round "5.28"]
[White "Lindberg, Bengt"]
[Black "Todorovic, Zoran"]
[Result "1-0"]
[WhiteElo "2304"]
[BlackElo "2151"]
[EventDate "2000.12.27"]
[PlyCount "45"]

1.e4 c5 2.Nf3 d6 3.d4 cxd4 4.Nxd4 Nf6 5.Nc3 g6 6.Be3 Nc6 7.f3 Bg7 8.Qd2 
O-O 9.Bc4 Bd7 10.Bb3 Rc8 11.O-O-O Ne5 12.Kb1 Nc4 13.Bxc4 Rxc4 14.g4 Re8 
15.h4 Qa5 16.h5 Rec8 17.Nb3 Qc7 18.hxg6 hxg6 19.Bh6 Bh8 20.Bf8 Nxg4 21.
Rxh8+ Kxh8 22.fxg4 Rxf8 23.Qh6+ 1-0

[Event "30th Rilton Cup"]
[Site "Stockholm SWE"]
[Date "2000.12.31"]
[Round "5.32"]
[White "Asadpour, Mehdi"]
[Black "Loegdahl, Harald"]
[Result "1-0"]
[WhiteElo "2126"]
[BlackElo "2252"]
[EventDate "2000.12.27"]
[PlyCount "69"]

1.d4 Nf6 2.Nf3 g6 3.c4 Bg7 4.Nc3 O-O 5.e4 d6 6.Be2 Bg4 7.Be3 Nfd7 8.Ng1 
Bxe2 9.Ngxe2 c5 10.O-O Nc6 11.b3 cxd4 12.Nxd4 a6 13.Qd2 Qa5 14.a4 Qd8 15.
Rab1 a5 16.Ndb5 b6 17.Bh6 Nc5 18.Bxg7 Kxg7 19.Nd4 Qc8 20.Nd5 Nxe4 21.Qe3 
Nc5 22.Nxb6 Qb7 23.Nxa8 Nxd4 24.Qxd4+ Kg8 25.Qd5 Qxa8 26.b4 axb4 27.Rxb4 
Qa7 28.Ra1 Rb8 29.Rxb8+ Qxb8 30.a5 Qb2 31.Qd1 Ne4 32.Qe1 Kg7 33.Rd1 Nc3 
34.Rd2 Qa3 35.Rd3 1-0

[Event "30th Rilton Cup"]
[Site "Stockholm SWE"]
[Date "2001.01.02"]
[Round "6.3"]
[White "Ulybin, Mikhail"]
[Black "Hillarp Persson, Tiger"]
[Result "1-0"]
[WhiteElo "2568"]
[BlackElo "2520"]
[EventDate "2000.12.27"]
[PlyCount "85"]

1.d4 Nf6 2.c4 g6 3.Nc3 Bg7 4.e4 d6 5.Nf3 O-O 6.Be2 c5 7.O-O cxd4 8.Nxd4 
Nc6 9.Be3 Bd7 10.Qd2 Nxd4 11.Bxd4 Bc6 12.f3 a5 13.Kh1 Nd7 14.Be3 Nc5 15.
Rab1 Qb6 16.Rfc1 Rfc8 17.Rc2 Qd8 18.b3 h5 19.a3 b6 20.b4 axb4 21.axb4 Na4 
22.Nd1 Qe8 23.Bd4 Bxd4 24.Qxd4 b5 25.Ne3 bxc4 26.Bxc4 Qd8 27.Bxf7+ Kxf7 
28.Rxc6 Rxc6 29.Qd5+ e6 30.Qxc6 Nb6 31.Rc1 Rc8 32.Qb7+ Ke8 33.Rxc8 Qxc8 
34.Qxc8+ Nxc8 35.h4 Kd7 36.Kh2 Nb6 37.Kg3 d5 38.exd5 exd5 39.Nc2 Kc6 40.
Nd4+ Kd6 41.Kf4 Nc4 42.g4 hxg4 43.fxg4 1-0

[Event "30th Rilton Cup"]
[Site "Stockholm SWE"]
[Date "2001.01.02"]
[Round "6.5"]
[White "Svensson, Bengt"]
[Black "Agrest, Evgenij"]
[Result "0-1"]
[WhiteElo "2393"]
[BlackElo "2545"]
[EventDate "2000.12.27"]
[PlyCount "70"]

1.e4 c5 2.Nf3 e6 3.d4 cxd4 4.Nxd4 a6 5.Nc3 Qc7 6.Be2 b5 7.f4 Bb7 8.Bf3 d6 
9.O-O Nd7 10.a3 Rc8 11.Kh1 Ngf6 12.Qe1 Ba8 13.Bd2 Be7 14.Qg3 g6 15.Rae1 
Qc4 16.Nb3 O-O 17.f5 Ne5 18.Bh6 Rfe8 19.Nd2 Qc7 20.Bg5 Kh8 21.Qh4 Qd8 22.
Bd1 gxf5 23.exf5 Rg8 24.Nce4 Rxg5 25.Nxg5 Qg8 26.Ngf3 Neg4 27.fxe6 fxe6 
28.Qh3 Rc5 29.Nh4 Rh5 30.Qg3 Rg5 31.Ndf3 Nh5 32.Qh3 Rg7 33.g3 Ne5 34.Kg1 
Nf4 35.Ng6+ Rxg6 0-1

[Event "30th Rilton Cup"]
[Site "Stockholm SWE"]
[Date "2001.01.02"]
[Round "6.7"]
[White "Ivanov, Sergei"]
[Black "Bellon Lopez, Juan Manuel"]
[Result "1/2-1/2"]
[WhiteElo "2570"]
[BlackElo "2421"]
[EventDate "2000.12.27"]
[PlyCount "80"]

1.d4 d5 2.c4 e6 3.Nf3 Nf6 4.Nc3 dxc4 5.e4 Bb4 6.Bg5 c5 7.Bxc4 cxd4 8.Nxd4 
Bxc3+ 9.bxc3 Qa5 10.Bb5+ Bd7 11.Bxf6 gxf6 12.Qb3 O-O 13.O-O Bxb5 14.Nxb5 
Nc6 15.c4 Rad8 16.Rae1 Qd2 17.Qg3+ Kh8 18.Re3 Rg8 19.Qf4 Rg6 20.h4 h5 21.
Qf3 Ne5 22.Qxh5+ Kg7 23.Qe2 Qxe2 24.Rxe2 a6 25.Nc3 Nf3+ 26.Kh1 Rh8 27.g3 
Nxh4 28.Rb1 e5 29.Rxb7 Rgh6 30.gxh4 Rxh4+ 31.Kg2 Rh2+ 32.Kg1 Rh1+ 33.Kg2 
R1h2+ 34.Kg1 Rh1+ 35.Kg2 R8h2+ 36.Kg3 Rh3+ 37.Kg2 R1h2+ 38.Kg1 Rh1+ 39.Kg2
R1h2+ 40.Kg1 Rh1+ 1/2-1/2

[Event "30th Rilton Cup"]
[Site "Stockholm SWE"]
[Date "2001.01.02"]
[Round "6.8"]
[White "Cramling, Pia"]
[Black "Ornstein, Axel"]
[Result "1/2-1/2"]
[WhiteElo "2505"]
[BlackElo "2426"]
[EventDate "2000.12.27"]
[PlyCount "97"]

1.d4 Nf6 2.c4 e6 3.Nf3 d5 4.Nc3 c6 5.Bg5 dxc4 6.e4 b5 7.e5 h6 8.Bh4 g5 9.
exf6 gxh4 10.Ne5 Qxf6 11.a4 Bb7 12.axb5 cxb5 13.Bxc4 a6 14.Nxb5 Bb4+ 15.
Nc3 Bxc3+ 16.bxc3 Bxg2 17.Rg1 h3 18.Qa4+ Kf8 19.Rd1 Rg8 20.Rd3 Rg5 21.Re3 
Ra7 22.Nd3 Nc6 23.Qa3+ Kg7 24.Qd6 Rb7 25.Ke2 Ne7 26.Qd8 Nf5 27.Qxf6+ Kxf6 
28.Ra1 Nxe3 29.Kxe3 a5 30.Nc5 Ra7 31.f3 Rg8 32.Bb5 Ke7 33.c4 h5 34.Nd3 h4 
35.Ne5 Raa8 36.Bc6 Ra7 37.Bb5 Kd6 38.Nc6 Raa8 39.Ne5 f6 40.Nd7 Ke7 41.Nb6 
Ra7 42.c5 Rb8 43.Ba4 Ra6 44.Rb1 Kd8 45.Kf2 Rb7 46.Bc6 Rb8 47.Ba4 Rb7 48.
Bc6 Rb8 49.Ba4 1/2-1/2

[Event "30th Rilton Cup"]
[Site "Stockholm SWE"]
[Date "2001.01.02"]
[Round "6.9"]
[White "Ionov, Sergei"]
[Black "Hermansson, Emil"]
[Result "1-0"]
[WhiteElo "2503"]
[BlackElo "2379"]
[EventDate "2000.12.27"]
[PlyCount "121"]

1.d4 Nf6 2.c4 g6 3.Nc3 Bg7 4.e4 d6 5.Be2 O-O 6.Bg5 h6 7.Be3 Nbd7 8.Qd2 c5 
9.d5 Qa5 10.Nf3 Kh7 11.O-O a6 12.Qc2 b5 13.cxb5 axb5 14.Bxb5 Ba6 15.Bxa6 
Rxa6 16.Bd2 Rb8 17.Rfe1 Ng4 18.b3 Nde5 19.Nxe5 Nxe5 20.a4 c4 21.b4 Rxb4 
22.Na2 c3 23.Bxc3 Rc4 24.Bxa5 Rxc2 25.Nb4 Rxa5 26.Nxc2 Nd3 27.Ra2 Nxe1 28.
Nxe1 Bc3 29.Nd3 f5 30.f3 Kg7 31.Kf2 Bd4+ 32.Ke2 Bc5 33.Nb2 Bg1 34.h3 Rc5 
35.Kd3 fxe4+ 36.fxe4 e6 37.dxe6 d5 38.Ra1 dxe4+ 39.Kxe4 Bh2 40.Nd3 Ra5 41.
Rf1 Rxa4+ 42.Kd5 Ra7 43.Nc5 Re7 44.Nd7 h5 45.Rf8 Bc7 46.Rc8 Bh2 47.Ra8 Bc7
48.Nc5 Bh2 49.Rd8 Bf4 50.Ne4 h4 51.Nd6 Bh2 52.Rd7 Kf8 53.Rd8+ Kg7 54.Rd7 
Kf8 55.Nc8 Rxd7+ 56.exd7 Bc7 57.Ke6 Kg7 58.Nd6 Kh6 59.Nf7+ Kh5 60.d8=Q 
Bxd8 61.Nxd8 1-0

[Event "30th Rilton Cup"]
[Site "Stockholm SWE"]
[Date "2001.01.02"]
[Round "6.10"]
[White "Brynell, Stellan"]
[Black "Engqvist, Thomas"]
[Result "1-0"]
[WhiteElo "2473"]
[BlackElo "2366"]
[EventDate "2000.12.27"]
[PlyCount "143"]

1.e4 c6 2.c4 d5 3.exd5 cxd5 4.cxd5 Nf6 5.Nc3 Nxd5 6.Nf3 Nc6 7.Bb5 e6 8.O-O
Be7 9.d4 O-O 10.Re1 Bd7 11.Bd3 Ncb4 12.Bb1 Rc8 13.Bd2 Nf6 14.Ne5 Be8 15.
Bg5 Nfd5 16.Nxd5 Nxd5 17.Qd3 f5 18.Bxe7 Qxe7 19.a3 Nf4 20.Qf3 g5 21.Ba2 
Bh5 22.Qe3 Rc2 23.Nd3 Bf7 24.Nxf4 gxf4 25.Qxf4 Qf6 26.d5 exd5 27.Re5 Rxb2 
28.Rxf5 Qg7 29.Rg5 Bg6 30.Bxd5+ Kh8 31.Qe5 Qxe5 32.Rxe5 Rfxf2 33.Bxb7 Rfe2
34.Rxe2 Rxe2 35.Rc1 Ra2 36.Rc3 Kg7 37.Bd5 Ra1+ 38.Kf2 Kf6 39.Bf3 a5 40.Ke3
Be8 41.Kf4 a4 42.g4 h6 43.h4 Bf7 44.g5+ hxg5+ 45.hxg5+ Kg7 46.Be4 Rf1+ 47.
Kg3 Rg1+ 48.Kh4 Rd1 49.Rd3 Rxd3 50.Bxd3 Bg6 51.Bb5 Bc2 52.Kg4 Bd1+ 53.Kf4 
Bc2 54.Be8 Kf8 55.Bh5 Kg7 56.Ke5 Bb3 57.Kd4 Kf8 58.Kc5 Bc2 59.Kd6 Kg7 60.
Ke5 Bb3 61.Kd4 Bc2 62.Kc3 Bb3 63.Kb4 Kf8 64.Be2 Kg7 65.Bb5 Kg6 66.Bxa4 Bd5
67.Kc5 Bf3 68.Be8+ Kxg5 69.a4 Kf6 70.Bc6 Be2 71.Bb5 Bf3 72.Kd6 1-0

[Event "30th Rilton Cup"]
[Site "Stockholm SWE"]
[Date "2001.01.02"]
[Round "6.12"]
[White "Ernst, Thomas"]
[Black "Barkhagen, Jonas"]
[Result "1-0"]
[WhiteElo "2419"]
[BlackElo "2466"]
[EventDate "2000.12.27"]
[PlyCount "81"]

1.e4 e5 2.Nf3 Nc6 3.Bb5 a6 4.Ba4 Nf6 5.O-O Be7 6.Re1 b5 7.Bb3 d6 8.c3 Na5 
9.Bc2 c5 10.d4 Qc7 11.h3 Nc6 12.d5 Nd8 13.a4 bxa4 14.Bxa4+ Nd7 15.Nbd2 O-O
16.Nc4 Nb6 17.Nfxe5 dxe5 18.d6 Bxd6 19.Qxd6 Qxd6 20.Nxd6 Nxa4 21.Rxa4 Bd7 
22.Ra5 Ne6 23.Nc4 f6 24.Nb6 Ra7 25.Nxd7 Rxd7 26.Rxa6 Kf7 27.g3 g5 28.Kf1 
h5 29.Ke2 Rfd8 30.Rb6 h4 31.Be3 g4 32.hxg4 hxg3 33.fxg3 Rh8 34.g5 Rh2+ 35.
Kf3 Rd3 36.g6+ Ke7 37.Ra1 Rh8 38.Raa6 Ng5+ 39.Ke2 c4 40.Ra7+ Rd7 41.Bc5+ 
1-0

[Event "30th Rilton Cup"]
[Site "Stockholm SWE"]
[Date "2001.01.02"]
[Round "6.17"]
[White "Aengskog, Kent"]
[Black "Ahlander, Bjoern"]
[Result "0-1"]
[WhiteElo "2264"]
[BlackElo "2424"]
[EventDate "2000.12.27"]
[PlyCount "118"]

1.Nf3 Nf6 2.g3 d5 3.Bg2 e6 4.O-O Be7 5.d4 O-O 6.c4 dxc4 7.Qc2 a6 8.Qxc4 b5
9.Qc2 Bb7 10.Bd2 Nbd7 11.Ba5 Rc8 12.Nbd2 Qe8 13.b4 Bd6 14.Rac1 Qe7 15.a3 
e5 16.dxe5 Nxe5 17.Nxe5 Bxg2 18.Kxg2 Qxe5 19.Nf3 Qe6 20.Qc6 Qxe2 21.Rc2 
Qd3 22.Rc3 Qf5 23.Re1 h6 24.Nh4 Qg5 25.Rf3 Qd2 26.Qc1 Qxc1 27.Rxc1 Nd7 28.
Rfc3 Be5 29.R3c2 g6 30.Nf3 Rfe8 31.Bxc7 Bf6 32.Bf4 Rxc2 33.Rxc2 Kg7 34.Be3
Re6 35.Bd4 Nb6 36.Bxf6+ Kxf6 37.Nd4 Rd6 38.Nc6 Nc4 39.Nb8 Ke5 40.a4 Kd4 
41.axb5 axb5 42.Rc1 Kd3 43.f4 Kd2 44.Ra1 Kc3 45.Ra7 f5 46.Na6 Rd2+ 47.Kf3 
Rxh2 48.Rg7 Nd2+ 49.Ke3 Nf1+ 50.Kf3 Ra2 51.Rc7+ Kd4 52.Rd7+ Kc4 53.Rc7+ 
Kd4 54.Rd7+ Kc3 55.Rc7+ Kd2 56.Rd7+ Ke1 57.Re7+ Kd1 58.Ra7 h5 59.Ra8 Re2 
0-1

[Event "30th Rilton Cup"]
[Site "Stockholm SWE"]
[Date "2001.01.02"]
[Round "6.20"]
[White "Eriksson, Anders"]
[Black "Livner, Anders"]
[Result "1/2-1/2"]
[WhiteElo "2354"]
[BlackElo "2196"]
[EventDate "2000.12.27"]
[PlyCount "116"]

1.d4 Nf6 2.Bg5 e6 3.e3 c5 4.Nd2 d5 5.c3 Nc6 6.f4 Qc7 7.Nh3 Be7 8.Bd3 cxd4 
9.exd4 Qb6 10.Qc2 Bd7 11.Nf2 Rc8 12.Qb1 Nh5 13.Bxe7 Nxe7 14.g3 Bb5 15.Bc2 
Nf6 16.a4 Ba6 17.Nf3 O-O 18.Ne5 g6 19.Nfg4 Nxg4 20.Nxg4 Kg7 21.Kf2 Nf5 22.
Bxf5 exf5 23.Ne3 Rfe8 24.Re1 Re4 25.Ng2 Rxe1 26.Nxe1 Re8 27.b4 Re2+ 28.Kg1
Qe6 29.Ng2 Bc4 30.a5 h5 31.h3 Rd2 32.Qe1 Re2 33.Qb1 a6 34.Kh1 Rf2 35.Qe1 
Rf1+ 36.Qxf1 Bxf1 37.Rxf1 Qe2 38.Re1 Qf2 39.Re3 Kf6 40.h4 Qf1+ 41.Kh2 Qc1 
42.Rd3 Ke6 43.Re3+ Kd6 44.Rd3 Kc6 45.Re3 Kb5 46.Re5 Qxc3 47.Ne3 Kc6 48.
Nxd5 Qb2+ 49.Kh3 Qxd4 50.Ne7+ Kc7 51.Kg2 Qb2+ 52.Kf3 Kd7 53.Nd5 Kd6 54.Nb6
Qxb4 55.Rd5+ Ke6 56.Re5+ Kd6 57.Rd5+ Ke6 58.Re5+ Kd6 1/2-1/2

[Event "30th Rilton Cup"]
[Site "Stockholm SWE"]
[Date "2001.01.02"]
[Round "6.21"]
[White "Couso, Luis"]
[Black "Nybaeck, Tomi"]
[Result "0-1"]
[WhiteElo "2348"]
[BlackElo "2195"]
[EventDate "2000.12.27"]
[PlyCount "66"]

1.e4 c5 2.Nf3 Nc6 3.d4 cxd4 4.Nxd4 e5 5.Nb5 d6 6.a4 Be6 7.N1c3 a6 8.Na3 
Be7 9.Nc4 Nf6 10.Bg5 Nd4 11.Bxf6 Bxf6 12.Bd3 Rc8 13.Ne3 O-O 14.h4 g6 15.
Ncd5 Bxh4 16.c3 Nc6 17.Qf3 Kg7 18.a5 Bg5 19.Qg3 h6 20.Nb6 Rb8 21.b4 f5 22.
exf5 gxf5 23.Qh3 Qf6 24.Rd1 e4 25.Bc4 Qxc3+ 26.Kf1 Qe5 27.Bxe6 Qxe6 28.
Nbc4 Rbd8 29.Rd5 Ne7 30.g4 Nxd5 31.Nxf5+ Rxf5 32.gxf5 Qf7 33.Qg4 Nf6 0-1

[Event "30th Rilton Cup"]
[Site "Stockholm SWE"]
[Date "2001.01.02"]
[Round "6.24"]
[White "Hedman, Erik"]
[Black "Azizi, Haroon"]
[Result "0-1"]
[WhiteElo "2323"]
[BlackElo "2124"]
[EventDate "2000.12.27"]
[PlyCount "82"]

1.d4 d5 2.c4 Nc6 3.Nf3 Bg4 4.Nc3 e6 5.Bf4 Bb4 6.e3 Nge7 7.Rc1 O-O 8.Bd3 
Ng6 9.Bg3 dxc4 10.Bxc4 e5 11.dxe5 Qxd1+ 12.Rxd1 Bxf3 13.gxf3 Ncxe5 14.Bd5 
c6 15.Bb3 Nxf3+ 16.Ke2 Nge5 17.Ne4 Rad8 18.h4 h6 19.Bf4 Rfe8 20.h5 Kf8 21.
a3 Be7 22.Ba2 a5 23.Bb1 Kg8 24.Ng3 Bf6 25.Ne4 Be7 26.Ng3 Bf6 27.Nf5 Rd5 
28.Ba2 Rb5 29.b4 axb4 30.Nd6 Ra8 31.Nxb5 cxb5 32.Bd5 Rxa3 33.Rb1 Be7 34.
Rb2 Nd3 35.Rb3 Nxf4+ 36.Kxf3 Nxd5 37.Rb2 Nc3 38.Rc1 Kf8 39.Rh1 b6 40.Kf4 
Bc5 41.Rh3 Na4 0-1

[Event "30th Rilton Cup"]
[Site "Stockholm SWE"]
[Date "2001.01.02"]
[Round "6.27"]
[White "Rygaard, Michael"]
[Black "Kallio, Heikki"]
[Result "1-0"]
[WhiteElo "2175"]
[BlackElo "2434"]
[EventDate "2000.12.27"]
[PlyCount "89"]

1.d4 Nf6 2.Nf3 g6 3.Bg5 Bg7 4.Nbd2 d5 5.e3 O-O 6.Bd3 Nbd7 7.O-O c5 8.c3 b6
9.b4 Bb7 10.bxc5 bxc5 11.Rb1 Bc6 12.Bb5 Bxb5 13.Rxb5 Ne8 14.Bf4 Nc7 15.
Bxc7 Qxc7 16.Qb3 e6 17.Rb7 Qc8 18.Rb5 cxd4 19.cxd4 Qa6 20.Rb1 Rfc8 21.e4 
Nb6 22.exd5 Nxd5 23.Ne4 Qc6 24.Rc5 Qb6 25.Rb5 Qd8 26.g3 Nb6 27.h4 Rc7 28.
Rd1 Rd7 29.a4 Bxd4 30.a5 Bg7 31.Rxd7 Nxd7 32.Nfg5 Ne5 33.Nxe6 fxe6 34.Rxe5
Bxe5 35.Qxe6+ Kf8 36.Qxe5 Kg8 37.Nf6+ Kg7 38.Ng4+ Kf7 39.Nh6+ Kf8 40.Qh8+ 
Ke7 41.Qxh7+ Ke6 42.Qxg6+ Kd5 43.Nf7 Qf8 44.Qf5+ Kc4 45.h5 1-0

[Event "30th Rilton Cup"]
[Site "Stockholm SWE"]
[Date "2001.01.02"]
[Round "6.39"]
[White "Aalgars, Olle"]
[Black "Nyysti, Sampsa"]
[Result "1-0"]
[WhiteElo "2132"]
[BlackElo "2260"]
[EventDate "2000.12.27"]
[PlyCount "29"]

1.e4 c5 2.Nf3 e6 3.d4 cxd4 4.Nxd4 a6 5.Bd3 Bc5 6.c3 Qb6 7.Be3 Qxb2 8.O-O 
Nf6 9.Nb3 Bxe3 10.fxe3 Nc6 11.Rf2 Qxf2+ 12.Kxf2 Ne5 13.h3 b6 14.Bc2 Bb7 
15.Qd4 1-0

[Event "30th Rilton Cup"]
[Site "Stockholm SWE"]
[Date "2001.01.02"]
[Round "6.44"]
[White "Backman, Michael"]
[Black "Sisaetto, Olli"]
[Result "1-0"]
[WhiteElo "2125"]
[BlackElo "2185"]
[EventDate "2000.12.27"]
[PlyCount "57"]

1.d4 d5 2.c4 dxc4 3.e4 c5 4.Nf3 cxd4 5.Bxc4 Nc6 6.O-O e6 7.Nbd2 Nf6 8.Re1 
Be7 9.e5 Nd5 10.Re4 Nc3 11.bxc3 dxc3 12.Qe2 cxd2 13.Bxd2 Bd7 14.Rg4 Kf8 
15.Re1 Rc8 16.Ng5 h6 17.Nf3 h5 18.Rf4 g5 19.Re4 Na5 20.Bd3 Bc6 21.Rd4 Qb6 
22.Be3 Bc5 23.Rd6 Bxe3 24.fxe3 Qc5 25.Rf1 Rg8 26.Nd4 Ke7 27.Rxf7+ Kxf7 28.
Qxh5+ Ke7 29.Qh7+ 1-0

[Event "30th Rilton Cup"]
[Site "Stockholm SWE"]
[Date "2001.01.03"]
[Round "7.2"]
[White "Heine-Nielsen, Peter"]
[Black "Yakovich, Yury"]
[Result "1/2-1/2"]
[WhiteElo "2580"]
[BlackElo "2547"]
[EventDate "2000.12.27"]
[PlyCount "33"]

1.d4 d5 2.c4 dxc4 3.Nf3 a6 4.e3 e6 5.Bxc4 c5 6.O-O Nf6 7.dxc5 Qxd1 8.Rxd1 
Bxc5 9.Nbd2 b6 10.Be2 Bb7 11.Nb3 Be7 12.Nfd4 Nc6 13.f3 Nxd4 14.Nxd4 Rc8 
15.e4 Bc5 16.Be3 Ke7 17.Kf2 1/2-1/2

[Event "30th Rilton Cup"]
[Site "Stockholm SWE"]
[Date "2001.01.03"]
[Round "7.3"]
[White "Agrest, Evgenij"]
[Black "Gleizerov, Evgeny"]
[Result "1/2-1/2"]
[WhiteElo "2545"]
[BlackElo "2569"]
[EventDate "2000.12.27"]
[PlyCount "49"]

1.d4 e6 2.c4 f5 3.g3 Nf6 4.Bg2 c6 5.Nd2 d5 6.Nh3 Bd6 7.O-O O-O 8.Qc2 b6 9.
Nf3 Ne4 10.Bf4 Bb7 11.Rac1 Nd7 12.cxd5 exd5 13.Bxd6 Nxd6 14.Nf4 Qe7 15.Nd3
Ne4 16.e3 c5 17.dxc5 bxc5 18.Rfd1 Rac8 19.Qa4 Rf6 20.Nf4 Nb6 21.Qc2 g5 22.
Ne2 Rd6 23.Nc3 Rdd8 24.Qe2 Kg7 25.Re1 1/2-1/2

[Event "30th Rilton Cup"]
[Site "Stockholm SWE"]
[Date "2001.01.03"]
[Round "7.4"]
[White "Brynell, Stellan"]
[Black "Gyimesi, Zoltan"]
[Result "1/2-1/2"]
[WhiteElo "2473"]
[BlackElo "2539"]
[EventDate "2000.12.27"]
[PlyCount "55"]

1.e4 c6 2.d4 d5 3.exd5 cxd5 4.c4 Nf6 5.Nc3 e6 6.Nf3 Bb4 7.Bd3 dxc4 8.Bxc4 
O-O 9.O-O a6 10.Bg5 b5 11.Bb3 Bb7 12.Qe2 Bxc3 13.bxc3 Nbd7 14.Ne5 Qc7 15.
Nxd7 Nxd7 16.Rac1 Bd5 17.Rfe1 Nb6 18.Qg4 f5 19.Qh5 Nc4 20.Bf4 Qb7 21.Bxc4 
Bxc4 22.Re3 Rf6 23.Rh3 h6 24.Rg3 Kh7 25.Re1 Rg8 26.a3 Bd5 27.Ree3 Qf7 28.
Rg5 1/2-1/2

[Event "30th Rilton Cup"]
[Site "Stockholm SWE"]
[Date "2001.01.03"]
[Round "7.5"]
[White "Aakesson, Ralf"]
[Black "Ionov, Sergei"]
[Result "1/2-1/2"]
[WhiteElo "2465"]
[BlackElo "2503"]
[EventDate "2000.12.27"]
[PlyCount "53"]

1.Nf3 Nf6 2.c4 e6 3.Nc3 Bb4 4.g3 O-O 5.Bg2 d5 6.a3 Be7 7.d4 dxc4 8.Ne5 Nc6
9.Bxc6 bxc6 10.Nxc6 Qe8 11.Nxe7+ Qxe7 12.Qa4 c5 13.Qxc4 cxd4 14.Qxd4 e5 
15.Qh4 Qe6 16.O-O Ba6 17.Bg5 Nd5 18.Nxd5 Qxd5 19.Rfd1 Qb3 20.Rd2 f6 21.Be3
Rad8 22.Qg4 h5 23.Qe4 Rxd2 24.Bxd2 Rd8 25.Qb4 Qc2 26.Qe7 Rxd2 27.Qe8+ 
1/2-1/2